Normal view
MARC view
Entry Personal Name
001 - CONTROL NUMBER
- control field: 23375
003 - CONTROL NUMBER IDENTIFIER
- control field: ARRUPE
005 - DATE AND TIME OF LATEST TRANSACTION
- control field: 20160323141941.0
008 - FIXED-LENGTH DATA ELEMENTS
- fixed length control field: 160323|| aca||aabn | a|a d
040 ## - CATALOGING SOURCE
- Original cataloging agency: ARRUPE
- Transcribing agency: ARRUPE
100 ## - HEADING--PERSONAL NAME
- Personal name: Lutahoire, Sebastian K.
- Fuller form of name: (Sebastian Kompaan)
670 ## - SOURCE DATA FOUND
- Source citation: Work cat.: (ARRUPE)0: Lutahoire, Sebastian K. (Sebastian Kompaan), The human life cycle among the Bantu :, c1974.